Central Library OPAC University of Rajshahi

Twentieth century interpretations of the Book of Job : (Record no. 21607)

MARC details
000 -LEADER
fixed length control field 00865cam a22002651 4500
001 - CONTROL NUMBER
control field 21607
003 - CONTROL NUMBER IDENTIFIER
rucl marc code BD-RjUL
005 - DATE AND TIME OF LATEST TRANSACTION
control field 20211209000716.0
008 - FIXED-LENGTH DATA ELEMENTS--GENERAL INFORMATION
fixed length control field 140305s1968 enk b 000 0 eng
035 ## - SYSTEM CONTROL NUMBER
System control number (BD-RjUL)21671
040 ## - CATALOGING SOURCE
Original cataloging agency DLC
Transcribing agency DLC
Modifying agency DLC
-- BD-RjUL
Language of cataloging eng
041 ## - LANGUAGE CODE
Language code of text/sound track or separate title eng
082 00 - DEWEY DECIMAL CLASSIFICATION NUMBER
Classification number 223.1066
Author mark and year TWE 1968
245 10 - TITLE STATEMENT
Title Twentieth century interpretations of the Book of Job :
Remainder of title a collection of critical essays /
Statement of responsibility, etc. edited by Paul S. Sanders.
260 ## - PUBLICATION, DISTRIBUTION, ETC. (IMPRINT)
Place of publication, distribution, etc. Englewood Cliffs, N.J. :
Name of publisher, distributor, etc. Prentice-Hall,
Date of publication, distribution, etc. c1968.
300 ## - PHYSICAL DESCRIPTION
Pagination 118 p. ;
Size 21 cm.
490 0# - SERIES STATEMENT
Series statement Twentieth century interpretations
Series statement A Spectrum book.
504 ## - BIBLIOGRAPHY, ETC. NOTE
Bibliography, etc Includes bibliographical references.
650 #0 - SUBJECT ADDED ENTRY--TOPICAL TERM
Topical term or geographic name as entry element Bible
Form subdivision Criticism,
-- interpretation, etc.
General subdivision Job
9 (RLIN) 66722
700 1# - ADDED ENTRY--PERSONAL NAME
Personal name Sanders, Paul S.,
942 ## - ADDED ENTRY ELEMENTS (KOHA)
Source of classification or shelving scheme Dewey Decimal Classification
Koha item type Books
Holdings
Lost status Source of classification or shelving scheme Damaged status Not for loan Collection code Permanent Location Current Location Shelving location Date acquired Source of acquisition Cost, normal purchase price Total Checkouts Full call number Date last seen Copy number Koha item type
  Dewey Decimal Classification     Non-fiction Central Library, University of Rajshahi Central Library, University of Rajshahi   26/06/1981 Dhaka, Provincial Book Dept. 30.00   223.1066 TWE 1968 05/03/2014 C-2 Books
  Dewey Decimal Classification   Not For Loan Non-fiction Central Library, University of Rajshahi Central Library, University of Rajshahi Reading Room 26/06/1981 Dhaka, Provincial Book Dept. 30.00   223.1066 TWE 1968 30/01/2017 C-1 Books